| 000 | 00896nam a22002057a 4500 | ||
|---|---|---|---|
| 999 |
_c6045 _d6045 |
||
| 005 | 20260128084727.0 | ||
| 008 | 260128b ||||| |||| 00| 0 eng d | ||
| 020 | _a9781444957359 | ||
| 040 | _cKH8 | ||
| 082 | _a741.5942 | ||
| 100 |
_aMEDDINGS,LIZE _eAUTHOR |
||
| 245 | _aTHE SAD GHOST CLUB | ||
| 260 |
_aCarmelite House, 50 Victoria Embankment,London EC4Y 0DZ _bHODDER CHILDREN'S BOOKS _c2021 |
||
| 300 |
_a247 Pages _bb iLLUSTRATION _c15cm x 23cm |
||
| 520 | _aEver felt anxious or alone? Like you don't belong anywhere? Like you're almost... invisible? Find your kindred spirits at The Sad Ghost Club. This is the story of one of those days - a day so bad you can barely get out of bed, when it's a struggle to leave the house, and when you do, you wish you hadn't. -Library Thing- | ||
| 650 |
_aJuvenile Fiction _vEmotions |
||
| 655 | _aSpooky | ||
| 655 | _aFriendship | ||
| 942 |
_2ddc _cGN |
||